<?xml version="1.0" encoding="UTF-8"?>
<collection xmlns="http://www.loc.gov/MARC21/slim">
 <record>
  <leader>00609pamaa2200193   4500</leader>
  <controlfield tag="001">0000037027</controlfield>
  <controlfield tag="005">20090909090000.0</controlfield>
  <datafield tag="020" ind1="0" ind2="0">
   <subfield code="a">012163390X (pbk) </subfield>
  </datafield>
  <datafield tag="090" ind1="0" ind2="0">
   <subfield code="a">RS122 </subfield>
   <subfield code="b">INV 1997</subfield>
  </datafield>
  <datafield tag="245" ind1="1" ind2="0">
   <subfield code="a">IN Vitro methods in pharmaceutical research  </subfield>
   <subfield code="c">Edited by Jose V. Castell and Maria Jose Gomez-Lechon.</subfield>
  </datafield>
  <datafield tag="260" ind1="0" ind2="0">
   <subfield code="a">San Diego: </subfield>
   <subfield code="b">Academic Press, </subfield>
   <subfield code="c">1997.</subfield>
  </datafield>
  <datafield tag="300" ind1=" " ind2=" ">
   <subfield code="a">ix, 467p.: </subfield>
   <subfield code="b">ill.; </subfield>
   <subfield code="c">25 cm.</subfield>
  </datafield>
  <datafield tag="650" ind1="0" ind2="0">
   <subfield code="a">Parasitology -- </subfield>
   <subfield code="x">Technique </subfield>
  </datafield>
  <datafield tag="650" ind1="0" ind2="0">
   <subfield code="a">Cultures (Biology) </subfield>
  </datafield>
  <datafield tag="650" ind1="0" ind2="0">
   <subfield code="a">Parasites -- </subfield>
   <subfield code="x">Isolation and purification </subfield>
  </datafield>
  <datafield tag="700" ind1="1" ind2="1">
   <subfield code="a">Castell, </subfield>
   <subfield code="h">Jose V </subfield>
  </datafield>
  <datafield tag="700" ind1="1" ind2="1">
   <subfield code="a">Gomez-Lechon, </subfield>
   <subfield code="h">Maria Jose </subfield>
  </datafield>
 </record>
</collection>
